00562 2200217 4500001002100000005001700021008004100038035002400079082000800103090001800111100002000129245004100149260003900190300002400229500002900253650001400282850001200296980001500308985000600323999001500329YOGYA-0209000005910620090227034612.0 ind  0010-020900000059106 a150 a150bCha FlT aCHANDRA, Julius aFeminin dan maskulincJulius Chandra aYogyakartabyayasanKanisiusc[s.a] a92 hlmbilusc19 cm aBibliografi : hlm. 91-92 aPsikologi aYOPDYOG a01-08-2008 a1 aP000026089